| 000 | 00718nam a2200241 i 4500 | ||
|---|---|---|---|
| 001 | 16539 | ||
| 003 | ES-MaACL | ||
| 005 | 20250714072809.0 | ||
| 007 | t| | ||
| 008 | 001016s1995 sp |||| |bspa d | ||
| 020 | _a84-7979-181-0 | ||
| 080 | _a929 Ramón Llull, Beato | ||
| 100 | 1 |
_aSáenz-Díez, Juan Ignacio _9101326 |
|
| 245 | 1 | 0 |
_aRamón Llull, un medieval de frontera / _cJuan Ignacio Sáenz-Díez. |
| 260 |
_aMadrid : _bAnaya & Mario Muchnik, _c[1995] |
||
| 300 |
_a156 p. ; _c22 cm. |
||
| 490 | 1 | _aPrimera persona | |
| 600 | 0 | 4 |
_aRamón Llull, _cBeato, _dca. 1232-1316? _995219 |
| 830 | 0 |
_aPrimera persona _9178720 |
|
| 852 |
_aES-MaACL _jL-23831 |
||
| 942 | _2udc | ||
| 999 |
_c16539 _d16539 |
||